Biological invasions / (Registro nro. 5000)

Detalles MARC
000 -CABECERA
Campo de control 00892cam a2200253 a 4500
005 - FECHA Y HORA DE LA ULTIMA TRANSACCION
Campo de control 20200104041555.0
008 - ELEMENTOS DE LONGITUD FIJA—INFORMACION GENERAL
Campo de control 960618s1996 enka b 001 0 eng d
020 ## - ISBN
ISBN 0412591901
040 ## - FUENTE DE CATALOGACIÓN
Agencia catalogadora original Uk
Agencia transcriptora Uk
Agencia Modificadora DNAL
-- DLC
-- CO-BoIAVH
041 0# - IDIOMA
Código de idioma para texto/pista de sonido o título separado Español
044 ## - PAÍS DE PUBLICACIÓN
País de publicación
082 00 - NUMERO DE CLASIFICACION DECIMAL DEWEY
Número de clasificación 577.18
Número del ítem W72b
100 1# - ASIENTO PRINCIPAL--NOMBRE PERSONAL
Nombre personal Williamson, M. H.
9 (RLIN) 40658
245 10 - MENCION DE TITULO
Título Biological invasions /
Mención de responsabilidad Mark Williamson.
250 ## - MENCION DE EDICION
Mención de edición 1a. edición
260 ## - PUBLICACION, DISTRIBUCION, ETC. (PIE DE IMPRENTA)
Lugar de publicación, distribución, etc. Londres (Inglaterra) ;
-- New York :
Nombre del editor, distribuidor, etc. Chapman & Hall,
Fecha de publicación, distribución, etc. 1996.
300 ## - DESCRIPCION FISICA
Extensión xii, 244 páginas :
Otros detalles físicos ilustraciones (algunas a color) ;
Dimensiones 24 cm.
504 ## - NOTA DE BIBLIOGRAFIA, ETC.
Nota de bibliografía Incluye referencias bibliográficas (páginas 197-226) e índices.
650 #0 - ASIENTO SECUNDARIO DE MATERIA - TERMINO TEMATICO
Término temático o nombre geográfico como elemento de entrada Invasiones biológicas.
9 (RLIN) 85
650 #6 - ASIENTO SECUNDARIO DE MATERIA - TERMINO TEMATICO
Término temático o nombre geográfico como elemento de entrada Invasiones biológicas.
Subdivisión de forma Investigaciones
9 (RLIN) 40660
650 #6 - ASIENTO SECUNDARIO DE MATERIA - TERMINO TEMATICO
Término temático o nombre geográfico como elemento de entrada Invasiones biológicas.
Subdivisión general Efectos
9 (RLIN) 40661
650 #6 - ASIENTO SECUNDARIO DE MATERIA - TERMINO TEMATICO
Término temático o nombre geográfico como elemento de entrada Invasiones biológicas.
Subdivisión general Comunidades
9 (RLIN) 40662
942 ## - ELEMENTOS ADICIONALES (KOHA)
Sistema de clasificación Dewey Decimal Classification
Tipo de ítem Libro
Existencias
Withdrawn status Lost status Sistema de Clasificación Damaged status No para préstamo Colección Inventariado Ubicación Permanente Ubicación actual Fecha de adquisición Fuente de Valor Valor Total Checkouts Número topográfico Inventario / Código de Barras Date last seen Ejemplar Price effective from Forma de adquisición Tipo de material
    Dewey Decimal Classification     General Inventariado 2017 Bogotá Bogotá 21/12/2005 Instituto 39000.00   LB-577.18 W72b 022663 04/12/2012 Ej. 1 04/12/2012 Compra Libro